<?xml version="1.0" encoding="UTF-8"?><?xml-stylesheet type="text/xsl" href="static/style.xsl"?><OAI-PMH xmlns="http://www.openarchives.org/OAI/2.0/" xmlns:xsi="http://www.w3.org/2001/XMLSchema-instance" xsi:schemaLocation="http://www.openarchives.org/OAI/2.0/ http://www.openarchives.org/OAI/2.0/OAI-PMH.xsd"><responseDate>2026-06-03T08:26:22Z</responseDate><request verb="GetRecord" identifier="oai:riuma.uma.es:10630/16489" metadataPrefix="marc">https://riuma.uma.es/rest/oai/request</request><GetRecord><record><header><identifier>oai:riuma.uma.es:10630/16489</identifier><datestamp>2026-02-03T12:25:39Z</datestamp><setSpec>com_10630_2254</setSpec><setSpec>col_10630_37959</setSpec></header><metadata><record xmlns="http://www.loc.gov/MARC21/slim" xmlns:dcterms="http://purl.org/dc/terms/" xmlns:doc="http://www.lyncode.com/xoai" xmlns:xsi="http://www.w3.org/2001/XMLSchema-instance" xsi:schemaLocation="http://www.loc.gov/MARC21/slim http://www.loc.gov/standards/marcxml/schema/MARC21slim.xsd">
   <leader>00925njm 22002777a 4500</leader>
   <datafield ind2=" " ind1=" " tag="042">
      <subfield code="a">dc</subfield>
   </datafield>
   <datafield ind2=" " ind1=" " tag="720">
      <subfield code="a">Castro Valdivia, Mariano</subfield>
      <subfield code="e">author</subfield>
   </datafield>
   <datafield ind2=" " ind1=" " tag="720">
      <subfield code="a">Matés Barco, Juan Manuel</subfield>
      <subfield code="e">author</subfield>
   </datafield>
   <datafield ind2=" " ind1=" " tag="720">
      <subfield code="a">Fernández-Paradas, Mercedes</subfield>
      <subfield code="e">author</subfield>
   </datafield>
   <datafield ind2=" " ind1=" " tag="260">
      <subfield code="c">2018-09-19</subfield>
   </datafield>
   <datafield ind2=" " ind1=" " tag="520">
      <subfield code="a">Esta comunicación analiza la presencia de las empresas extranjeras de agua y gas en España entre comienzos del siglo XX e inicios de los años 1920, periodo en el que fueron relevantes en el conjunto de sus respectivos sectores. A partir de entonces tuvieron una actividad muy reducida o desaparecieron. Para ello, ofrecemos una visión de conjunto y comparada entre ambas actividades, centrándonos en las dos grandes sociedades foráneas de cada sector, la Compañía des Eaux de Barcelona y la Compañía Lebon. También examinamos las causas de su salida de España, entre las que cabe considerar un marco legal que fue poniendo cada vez más cortapisas a su presencia en España, el impacto de la I Guerra Mundial y el avance de las grandes empresas españolas que fueron haciéndose con el control de sectores estratégicos de la economía, entre ellos el abastecimiento de agua y energía, de los que se preveía un aumento del consumo impulsado por las crecientes necesidades de recursos naturales y energéticos generadas por la II Revolución Tecnológica y la modernización de las ciudades que experimentaron un gran crecimiento demográfico durante el primer tercio del novecientos.</subfield>
   </datafield>
   <datafield ind1="8" ind2=" " tag="024">
      <subfield code="a">https://hdl.handle.net/10630/16489</subfield>
   </datafield>
   <datafield tag="653" ind2=" " ind1=" ">
      <subfield code="a">Gas</subfield>
   </datafield>
   <datafield ind2="0" ind1="0" tag="245">
      <subfield code="a">Las empresas extranjeras de agua y gas en España (circa 1900-1923)</subfield>
   </datafield>
</record>
</metadata></record></GetRecord></OAI-PMH>